000 00415nam a2200157Ia 4500
008 210716s1993 xx 000 0 und d
020 _a8170291364
041 _aeng
082 _a006.620288 MOSJ
100 _aMoss, Julian.
245 _aUpgrading, maintaining, and servicing ibm pc's and compatibles.
250 _a1
260 _aNew Delhi
_bBPB Publications
_c1993
300 _axxviii,410
650 _aNone
999 _c182993
_d182993